Human-computer interaction / (Record no. 176951)
[ view plain ]
| 000 -LEADER | |
|---|---|
| fixed length control field | 00725 a2200217 4500 |
| 003 - CONTROL NUMBER IDENTIFIER | |
| control field | Nust |
| 005 - DATE AND TIME OF LATEST TRANSACTION | |
| control field | 20220721184854.0 |
| 010 ## - LIBRARY OF CONGRESS CONTROL NUMBER | |
| LC control number | 2003053665 |
| 020 ## - INTERNATIONAL STANDARD BOOK NUMBER | |
| International Standard Book Number | 0130461091 |
| 040 ## - CATALOGING SOURCE | |
| Transcribing agency | Nust |
| 082 00 - DEWEY DECIMAL CLASSIFICATION NUMBER | |
| Classification number | 004.01,DIX |
| 100 ## - MAIN ENTRY--PERSONAL NAME | |
| Personal name | Dix, Alan |
| 9 (RLIN) | 18047 |
| 245 00 - TITLE STATEMENT | |
| Title | Human-computer interaction / |
| Statement of responsibility, etc. | Alan Dix ... [et al.]. |
| 250 ## - EDITION STATEMENT | |
| Edition statement | 3rd ed. |
| 260 ## - PUBLICATION, DISTRIBUTION, ETC. | |
| Place of publication, distribution, etc. | Harlow, England ; |
| -- | New York : |
| Name of publisher, distributor, etc. | Pearson/Prentice-Hall, |
| Date of publication, distribution, etc. | 2004. |
| 300 ## - PHYSICAL DESCRIPTION | |
| Extent | xxv, 834 p. : |
| Other physical details | ill. |
| Dimensions | 24 cm. |
| 505 ## - FORMATTED CONTENTS NOTE | |
| Formatted contents note | PART-1: Foundations (Page-9), PART-2: Design Process (Page-189), PART-3: Models and Theories (Page-417), PART-4: Outside the Box (Page-661). |
| 650 #0 - SUBJECT ADDED ENTRY--TOPICAL TERM | |
| Topical term or geographic name entry element | Human-computer interaction. |
| 700 1# - ADDED ENTRY--PERSONAL NAME | |
| Personal name | Dix, Alan. |
| 9 (RLIN) | 18047 |
| 942 ## - ADDED ENTRY ELEMENTS (KOHA) | |
| Source of classification or shelving scheme | |
| Koha item type | Book |
| Call number prefix | 004.01,DIX |
| Withdrawn status | Lost status | Source of classification or shelving scheme | Damaged status | Not for loan | Permanent Location | Current Location | Shelving location | Date acquired | Full call number | Barcode | Date last seen | Price effective from | Koha item type | Public note |
|---|---|---|---|---|---|---|---|---|---|---|---|---|---|---|
| Military College of Signals (MCS) | Military College of Signals (MCS) | General Stacks | 12/12/2016 | 004.01 DIX | MCS34570 | 12/08/2016 | 12/12/2016 | Book | Almirah No.1, Shelf No.6 |
